[Event "Hessen-chB"]
[Site "Frankfurt"]
[Date "2019.06.01"]
[Round "6"]
[White "Hynar, Alexandra"]
[Black "Ruhl, Marcel"]
[Result "1-0"]
[WhiteElo "1765"]
[BlackElo "1651"]
[PlyCount "91"]
[EventDate "2019.05.30"]
[EventType "swiss"]
[EventRounds "7"]
[EventCountry "GER"]
[SourceTitle "EXT 2020"]
[Source "ChessBase"]
[SourceDate "2019.10.17"]
[SourceVersion "1"]
[SourceVersionDate "2019.10.17"]
[SourceQuality "1"]

1. c4 e5 2. Nc3 Nf6 3. d3 Nc6 4. Nf3 d5 5. cxd5 Nxd5 6. Bd2 Be7 7. g3 Bg4 8. Bg2 Be6 9. 0-0 0-0 10. a3 Nf6 11. b4 a6 12. Ng5 Bd7 13. f4 exf4 14. Bxf4 Nh5 15. Nge4 Nxf4 16. Rxf4 Rb8 17. Nd5 Be6 18. Nxe7+ Nxe7 19. Nc5 Bd5 20. e4 Be6 21. Nxe6 fxe6 22. Rxf8+ Qxf8 23. Qb3 Qf6 24. Rf1 Qd4+ 25. Kh1 Ng6 26. Qxe6+ Kh8 27. Qc4 Qxc4 28. dxc4 Ne5 29. c5 Kg8 30. Bh3 g6 31. Rf6 Re8 32. Re6 Kf7 33. Rxe8 Kxe8 34. Bc8 b6 35. cxb6 cxb6 36. Bxa6 Ke7 37. Kg2 Kd6 38. Bb7 Nc4 39. a4 Ne3+ 40. Kf3 Nc2 41. b5 Nd4+ 42. Kf4 Ne6+ 43. Ke3 Nc5 44. Bc6 Nxa4 45. Kd4 Nc5 46. Bd5 1-0

[Event "Regionalliga SW 1718 (Women)"]
[Site "Germany"]
[Date "2018.01.28"]
[Round "4.2"]
[White "Hynar, Alexandra"]
[Black "Wallrabenstein, Elena"]
[Result "1/2-1/2"]
[WhiteElo "1821"]
[BlackElo "1789"]
[PlyCount "66"]
[EventDate "2017.10.15"]
[EventType "team-tourn"]
[EventRounds "5"]
[EventCountry "GER"]
[SourceTitle "CBM 183 Extra"]
[Source "ChessBase"]
[SourceDate "2018.04.19"]
[SourceVersion "1"]
[SourceVersionDate "2018.04.19"]
[SourceQuality "1"]
[WhiteTeam "Eschborn (W)"]
[BlackTeam "Oberhessen (W)"]
[WhiteTeamCountry "GER"]
[BlackTeamCountry "GER"]

1. c4 e5 2. Nc3 Nc6 3. d3 Bb4 4. Bd2 Nf6 5. Nf3 0-0 6. g3 Nd4 7. Nxe5 Qe7 8. a3 Qxe5 9. e3 Nf3+ 10. Qxf3 Bxc3 11. Bxc3 Qe6 12. Bxf6 Qxf6 13. Qxf6 gxf6 14. Bg2 d6 15. 0-0 Rb8 16. b4 c5 17. b5 Bf5 18. Rad1 b6 19. d4 Rbd8 20. e4 Bg6 21. f4 f5 22. dxc5 dxc5 23. e5 Bh5 24. Rxd8 Rxd8 25. Bd5 Kg7 26. Re1 Re8 27. Kf2 f6 28. e6 Kf8 29. a4 Ke7 30. a5 bxa5 31. Ra1 Rc8 32. Rxa5 Rc7 33. Ke3 Bg6 1/2-1/2

[Event "GER-chT Federal Cup (Women)"]
[Site "Braunfels"]
[Date "2013.06.01"]
[Round "4.3"]
[White "Freter, Anke"]
[Black "Hynar, Alexandra"]
[Result "1-0"]
[WhiteElo "1914"]
[BlackElo "1874"]
[PlyCount "77"]
[EventDate "2013.05.30"]
[EventType "team-swiss"]
[EventRounds "5"]
[EventCountry "GER"]
[SourceTitle "EXT 2014"]
[Source "ChessBase"]
[SourceDate "2013.11.20"]
[SourceVersion "1"]
[SourceVersionDate "2013.11.20"]
[SourceQuality "1"]
[WhiteTeam "Schleswig Holstein (W)"]
[BlackTeam "Hessen (W) II"]
[WhiteTeamCountry "GER"]
[BlackTeamCountry "GER"]

1. e4 e5 2. Nf3 Nc6 3. Bb5 Bc5 4. 0-0 d6 5. d4 exd4 6. Nxd4 Bd7 7. Nxc6 Bxc6 8. Bxc6+ bxc6 9. Nc3 h6 10. b3 Ne7 11. Bb2 0-0 12. Na4 Bb6 13. Qg4 Ng6 14. Rad1 Qh4 15. Qxh4 Nxh4 16. c4 Rfe8 17. Rfe1 Re6 18. Nxb6 axb6 19. a3 Rg6 20. Rd3 Rxg2+ 21. Kf1 Rxh2 22. Kg1 Rg2+ 23. Kf1 Rg6 24. e5 Kf8 25. Re4 Nf5 26. Rf3 Rg5 27. Ref4 g6 28. Rh3 dxe5 29. Bxe5 Rxa3 30. Bf6 Nd6 31. Bxg5 hxg5 32. Rg4 f6 33. Rgg3 Ne4 34. Rd3 Nd6 35. Rh7 Ra1+ 36. Kg2 Nf7 37. Rd7 Re1 38. Rdxf7+ Ke8 39. Rxc7 1-0

[Event "Regionalliga West 0304 (Women)"]
[Site "Germany"]
[Date "2003.11.30"]
[Round "2.4"]
[White "Hynar, Alexandra"]
[Black "Raddatz, Anja"]
[Result "1/2-1/2"]
[WhiteElo "1512"]
[BlackElo "1660"]
[PlyCount "66"]
[EventDate "2003.10.26"]
[EventType "team"]
[EventRounds "5"]
[EventCountry "GER"]
[SourceTitle "EXT 2006"]
[Source "ChessBase"]
[SourceDate "2005.11.24"]
[SourceVersion "1"]
[SourceVersionDate "2005.11.24"]
[SourceQuality "1"]
[WhiteTeam "Eschborn (W)"]
[BlackTeam "Breuberg (W)"]
[WhiteTeamCountry "GER"]
[BlackTeamCountry "GER"]

1. c4 c5 2. Nc3 Nc6 3. d3 Nf6 4. Nf3 e6 5. g3 d6 6. Bg2 Be7 7. 0-0 0-0 8. b3 a6 9. Bb2 Qc7 10. d4 cxd4 11. Nxd4 Nxd4 12. Qxd4 Bd7 13. Rfd1 Bc6 14. Ne4 d5 15. cxd5 Bxd5 16. Rdc1 Qd8 17. Qe3 Nxe4 18. Bxe4 Bg5 19. f4 Bf6 20. Bxf6 Qxf6 21. Bxd5 exd5 22. Qf3 Qe6 23. Rd1 Rad8 24. Rac1 Rfe8 25. Kf1 Qh3+ 26. Kg1 Qe6 27. Kf1 Rd7 28. Rd2 Kf8 29. Rcd1 Red8 30. Qh5 h6 31. Qf3 Qh3+ 32. Kg1 Qe6 33. Qd3 g6 1/2-1/2

[Event "Unterfranken-ch HA 44th"]
[Site "Rieneck"]
[Date "1993.??.??"]
[Round "7"]
[White "Hynar, Alexandra"]
[Black "Gossmann, Bernd"]
[Result "1/2-1/2"]
[WhiteElo "1569"]
[BlackElo "1579"]
[PlyCount "40"]
[EventDate "1993.04.12"]
[EventType "swiss"]
[EventRounds "9"]
[EventCountry "GER"]
[SourceTitle "EXT 2015"]
[Source "ChessBase"]
[SourceDate "2014.11.20"]
[SourceVersion "1"]
[SourceVersionDate "2014.11.20"]
[SourceQuality "1"]

1. c4 Nf6 2. d4 g6 3. Nf3 Bg7 4. Nc3 d5 5. cxd5 Nxd5 6. e4 Nxc3 7. bxc3 c5 8. Bc4 Nc6 9. Bb2 cxd4 10. cxd4 Qa5+ 11. Qd2 Qxd2+ 12. Kxd2 0-0 13. Rhe1 Rd8 14. e5 Na5 15. Rac1 Nxc4+ 16. Rxc4 Be6 17. Rc7 Rd7 18. Rxd7 Bxd7 19. Ba3 Bf8 20. Rb1 Bc6 1/2-1/2

[Event "Unterfranken-ch HA 44th"]
[Site "Rieneck"]
[Date "1993.??.??"]
[Round "4"]
[White "Hynar, Alexandra"]
[Black "Susallek, Markus"]
[Result "1-0"]
[WhiteElo "1569"]
[BlackElo "1597"]
[PlyCount "55"]
[EventDate "1993.04.12"]
[EventType "swiss"]
[EventRounds "9"]
[EventCountry "GER"]
[SourceTitle "EXT 2015"]
[Source "ChessBase"]
[SourceDate "2014.11.20"]
[SourceVersion "1"]
[SourceVersionDate "2014.11.20"]
[SourceQuality "1"]

1. c4 e5 2. Nc3 Nf6 3. d3 d5 4. Bg5 Bc5 5. Nf3 d4 6. Nd5 c6 7. Nxf6+ gxf6 8. Bd2 Bf5 9. b4 Bd6 10. c5 Bc7 11. e4 Be6 12. Nh4 Qd7 13. h3 a5 14. a3 Na6 15. Qf3 Ke7 16. Be2 Rhg8 17. Qh5 Rh8 18. Bg4 Bxg4 19. hxg4 Qe6 20. Nf5+ Kd7 21. Ng7 Qb3 22. Qf5+ Ke7 23. g5 fxg5 24. Bxg5+ Kf8 25. Qf6 Qc3+ 26. Ke2 Qc2+ 27. Bd2 Rg8 28. Nf5 1-0

[Event "Unterfranken-ch HA 43th"]
[Site "Sailauf"]
[Date "1992.??.??"]
[Round "5"]
[White "Hynar, Alexandra"]
[Black "Steiner, Herbert"]
[Result "1/2-1/2"]
[WhiteElo "1537"]
[BlackElo "1495"]
[PlyCount "38"]
[EventDate "1992.04.20"]
[EventType "swiss"]
[EventRounds "9"]
[EventCountry "GER"]
[SourceTitle "EXT 2015"]
[Source "ChessBase"]
[SourceDate "2014.11.20"]
[SourceVersion "1"]
[SourceVersionDate "2014.11.20"]
[SourceQuality "1"]

1. e4 d5 2. exd5 Nf6 3. Bc4 Nxd5 4. Qf3 Nf6 5. Nc3 c6 6. h3 Nbd7 7. d4 g6 8. Ne4 e5 9. Nxf6+ Nxf6 10. dxe5 Qa5+ 11. c3 Qxe5+ 12. Ne2 Bf5 13. Bf4 Qc5 14. Bd3 Bxd3 15. Qxd3 Bg7 16. Be3 Qa5 17. 0-0 Rd8 18. Qc4 0-0 19. Nd4 Nd5 1/2-1/2

[Event "Unterfranken-ch HA 43th"]
[Site "Sailauf"]
[Date "1992.??.??"]
[Round "9"]
[White "Kraemer, Rudolf"]
[Black "Hynar, Alexandra"]
[Result "1-0"]
[WhiteElo "1498"]
[BlackElo "1537"]
[PlyCount "91"]
[EventDate "1992.04.20"]
[EventType "swiss"]
[EventRounds "9"]
[EventCountry "GER"]
[SourceTitle "EXT 2015"]
[Source "ChessBase"]
[SourceDate "2014.11.20"]
[SourceVersion "1"]
[SourceVersionDate "2014.11.20"]
[SourceQuality "1"]

1. e4 e5 2. Bc4 Nf6 3. Nc3 Be7 4. Nf3 d6 5. h3 Nc6 6. d3 Bd7 7. Nd5 Nxd5 8. Bxd5 Rb8 9. a4 Nb4 10. Bc4 Nc6 11. Bd2 0-0 12. b4 Qc8 13. b5 Nd8 14. Be3 b6 15. Bg5 Bxg5 16. Nxg5 Ne6 17. Nf3 c6 18. 0-0 c5 19. Nh4 Nf4 20. Nf3 Nxh3+ 21. gxh3 Bxh3 22. Nh2 Bxf1 23. Qxf1 Qd8 24. Qg2 Qf6 25. Re1 Qf4 26. Re3 Kh8 27. Bb3 f5 28. Rg3 Qc1+ 29. Nf1 Qh6 30. Rh3 Qf6 31. Ne3 fxe4 32. dxe4 Qf4 33. Rg3 Qh6 34. Nf5 Qc1+ 35. Kh2 Qf4 36. f3 Rf6 37. Kh1 Rb7 38. Rg4 Qc1+ 39. Kh2 Rc7 40. Rxg7 Qf4+ 41. Rg3 c4 42. Kh1 Rf8 43. Ba2 d5 44. Rg7 Qc1+ 45. Kh2 Qf4+ 46. Kh3 1-0

[Event "Unterfranken-ch HA 43th"]
[Site "Sailauf"]
[Date "1992.??.??"]
[Round "7"]
[White "Neuburger, Irene"]
[Black "Hynar, Alexandra"]
[Result "0-1"]
[WhiteElo "1325"]
[BlackElo "1537"]
[PlyCount "58"]
[EventDate "1992.04.20"]
[EventType "swiss"]
[EventRounds "9"]
[EventCountry "GER"]
[SourceTitle "EXT 2015"]
[Source "ChessBase"]
[SourceDate "2014.11.20"]
[SourceVersion "1"]
[SourceVersionDate "2014.11.20"]
[SourceQuality "1"]

1. d4 d5 2. c4 e6 3. Nc3 Nf6 4. Bg5 Be7 5. cxd5 exd5 6. Nf3 Bg4 7. e3 0-0 8. Be2 Nbd7 9. 0-0 c6 10. h3 Be6 11. Bd3 c5 12. Bc2 Rc8 13. Rc1 a6 14. a4 Nb8 15. Ne5 Nc6 16. Nxc6 Rxc6 17. Bb1 Qd7 18. Re1 Bxh3 19. Qf3 Bg4 20. Qg3 Nh5 21. Qh4 f6 22. Bf4 g5 23. Bxg5 fxg5 24. Qh2 Rcf6 25. Rf1 Bd6 26. g3 Qf7 27. Rc2 Bxg3 28. Qg2 Bf3 29. Qh3 g4 0-1